000 00467nam a2200169Ia 4500
005 20250424120314.0
008 250424s9999 xx 000 0 und d
022 _a01897543
050 _aHT 401 .N54/
245 0 _aNigerian journal of rural sociology
260 _aAbeokuta, Nigeria
260 _bPositive press
260 _c2016
300 _a68 p. ; 29 cm.
650 _aSociology, Rural--Periodicals. Nigeria--Rural conditions--Periodicals.
942 _cSR
999 _c38559
_d38559